[Event "FIDE Chesscom Grand Swiss 2019"]
[Site "Douglas-Isle of Man"]
[Date "2019.10.19"]
[Round "9.15"]
[White "Rakhmanov, Aleksandr"]
[Black "Ragger, Markus"]
[Result "1-0"]
[WhiteElo "2621"]
[BlackElo "2684"]
[Annotator "TA"]
[PlyCount "137"]
[EventDate "2019.10.10"]
[EventType "swiss"]
[EventCountry "GBR"]
[SourceTitle "playchess.com"]
[Source "ChessBase"]
[SourceQuality "1"]

{[%evp 9,137,0,-3,4,24,12,14,11,36,26,25,13,45,30,112,109,115,103,122,112,172,121,160,177,157,153,195,185,181,180,256,255,310,271,464,457,467,462,438,404,580,591,1385,1384,1506,1521,1453,1424,1315,0,654,0,1262,987,858,637,610,597,826,791,738,723,797,452,416,250,250,250,250,250,250,250,250,137,137,0,234,240,422,414,395,382,329,241,633,636,4902,4910,1956,1170,1112,1104,966,898,835,489,489,489,457,457,539,530,572,572,671,665,721,704,700,691,815,616,593,592,638,627,785,632,762,741,998,622,966,999,996,997,979,943,931,931]} 1. d4 Nf6 2. Nf3 d5 3. c4 e6 4. Qc2 dxc4 (4... Be7 5. g3 O-O 6. Bg2 c6 7. Nbd2 b6 8. e4 Bb7 9. e5 Nfd7 10. h4 Re8 11. cxd5 cxd5 12. O-O Nc6 13. a3 Rc8 14. Qb1 {1-0 (69) Dubov,D (2699)-Riazantsev,A (2645) Moscow 2019}) 5. e3 c5 6. Bxc4 {D30: Queen's Gambit Declined: Systems without Nc3} Nc6 {[%cal Rc5d4]} 7. dxc5 Bxc5 8. O-O {The position is equal.} Qe7 $146 ({Predecessor:} 8... O-O 9. a3 e5 10. Bxf7+ Kxf7 11. Qxc5 Qe7 12. Qc2 h6 13. Nc3 e4 {0-1 (54) Popp,J (1452)-Griesche,V (1417) Heusenstamm 2015}) 9. e4 Nd7 10. Nc3 O-O 11. Bf4 Nd4 (11... Qf6 $11 {keeps the balance.} 12. Bg3 Nde5) 12. Nxd4 $16 Bxd4 13. Rad1 Bc5 14. e5 Bb6 (14... Qh4 $16 {was worth a try.} 15. g3 Qh3) 15. Ne4 ({White should play} 15. Rd3 $18) 15... Bc7 16. Ng5 {[%csl Gg5][%cal Rc2h7]} g6 17. Nf3 Qc5 {[%cal Rd7e5]} 18. Qe2 Nb6 19. Bb3 Nd5 (19... Bd8 {is a better defense.} 20. Rc1 Qb4) 20. Bh6 $18 Re8 21. Rc1 Qe7 $2 (21... Qa5 22. Bd2 Qb6 23. Bxd5 exd5) 22. Bg5 Qd7 23. Qc4 b5 {[#]} 24. Qh4 $1 Bb7 (24... Bd8 {was necessary.} 25. Bxd5 exd5) 25. Bxd5 Bxd5 26. Bf6 {White threatens Qh6 and mate.} h5 27. Qf4 {Intending Qh6 and mate.} Kh7 28. Ng5+ Kg8 29. Nf3 (29. g4 $142 Bd8 30. Ne4) 29... Kh7 $1 30. Ng5+ (30. g4 $142 Bxf3 31. Qxf3) 30... Kg8 31. Ne4 {Threatening mate with Qh6.} Kh7 32. Nc5 Qc8 {[#]} 33. Na6 $1 {[%mdl 576] Deflection} Qxa6 34. Rxc7 Rf8 35. Be7 Rg8 36. Bg5 Raf8 37. Rxf7+ Rxf7 38. Qxf7+ Rg7 39. Qf8 $40 {[%mdl 128] White wants a kill.} Qb7 {[#]} 40. Rc1 $1 {[%cal Rc1c8] Black must now prevent Rc8.} Qf7 41. Qd8 (41. Qc5 $18 {Strongly threatening Bf6.} Qe8 42. Qd6) 41... Qd7 $16 42. Qf8 (42. Qa5 $16) 42... Qf7 $18 43. Qc5 {Hoping for Bf6.} Qb7 $2 (43... Qe8 {keeps fighting.} 44. b3 Rb7) 44. Bf6 Rf7 45. h4 Kg8 46. Kh2 Bxa2 $2 (46... Qb8) 47. Qc2 {White is clearly winning.} Bd5 48. Qxg6+ {[%mdl 64] Double Attack} Kf8 49. Qh6+ Ke8 50. Qh8+ Rf8 51. Qxh5+ Qf7 52. Rc8+ Kd7 53. Qxf7+ Rxf7 {[%mdl 4096] Endgame KRB-KRB} 54. Rc5 Bc4 55. g4 a5 56. h5 Rh7 57. Kg3 a4 58. Kf4 Bd3 59. Ke3 Bf1 60. f3 Bc4 61. Kd2 Bd5 62. Rxb5 Bxf3 63. Rb4 Kc6 64. Rxa4 Rb7 65. Kc3 Bd5 66. Rb4 Rh7 67. Kd4 Bf3 68. Ke3 Bd1 69. Rd4 {Accuracy: White = 79%, Black = 31%.} 1-0

[Event "FIDE Chesscom Grand Swiss 2019"]
[Site "Douglas-Isle of Man"]
[Date "2019.10.19"]
[Round "9.15"]
[White "Lu, Shanglei"]
[Black "Kuzubov, Yuriy"]
[Result "0-1"]
[WhiteElo "2602"]
[BlackElo "2636"]
[Annotator "ChessBase"]
[PlyCount "68"]
[EventDate "2019.10.10"]
[EventType "swiss"]
[EventCountry "GBR"]
[SourceTitle "playchess.com"]
[Source "ChessBase"]
[SourceQuality "1"]
[TimeControl "40/6000+30:20/3000+30:900+30"]

1. e4 {[%emt 0:00:00]} c6 {[%emt 0:00:00]} 2. Nc3 {[%emt 0:00:21]} d5 {[%emt 0:00:00]} 3. Nf3 {[%emt 0:00:04]} Bg4 {[%emt 0:00:00]} 4. h3 {[%emt 0:00:04]} Bxf3 {[%emt 0:00:11]} 5. Qxf3 {[%emt 0:00:08]} Nf6 {[%emt 0:00:07]} 6. d3 {[%emt 0:02:27]} e6 {[%emt 0:00:18]} 7. Qg3 {[%emt 0:00:04]} d4 {[%emt 0:19:26]} 8. Nd1 {[%emt 0:10:02]} c5 {[%emt 0:04:19]} 9. Be2 {[%emt 0:00:21]} Nc6 {[%emt 0:00:07]} 10. O-O {[%emt 0:00:10]} h5 {[%emt 0:02:15]} 11. f4 {[%emt 0:16:40]} h4 {[%emt 0:00:42]} 12. Qe1 {[%emt 0:01:17]} Be7 {[%emt 0:02:28]} 13. Nf2 {[%emt 0:04:15]} e5 {[%emt 0:04:41]} 14. c4 {[%emt 0:10:44]} exf4 {[%emt 0:20:08]} 15. Bxf4 {[%emt 0:01:42]} Bd6 {[%emt 0:05:53]} 16. Bg5 {[%emt 0:07:22]} Bg3 {[%emt 0:03:32]} 17. b4 {[%emt 0:02:21]} Qd6 {[%emt 0:07:54]} 18. bxc5 {[%emt 0:09:28]} Qe5 {[%emt 0:00:10]} 19. Qc1 {[%emt 0:06:50]} Nd7 {[%emt 0:04:44]} 20. Ng4 {[%emt 0:01:10]} Qc7 {[%emt 0:00:33]} 21. Rf5 {[%emt 0:05:15]} f6 {[%emt 0:03:36]} 22. Rb1 {[%emt 0:11:24]} Ne7 {[%emt 0:06:19]} 23. Bf4 {[%emt 0:00:02]} Bxf4 {[%emt 0:00:32]} 24. Rxf4 {[%emt 0:00:06]} Nxc5 {[%emt 0:01:02]} 25. e5 {[%emt 0:02:50]} f5 {[%emt 0:04:06]} 26. Nf6+ {[%emt 0:00:03]} gxf6 {[%emt 0:05:05]} 27. exf6 {[%emt 0:00:03]} Qe5 {[%emt 0:02:08]} 28. Qa3 {[%emt 0:10:40]} Rc8 {[%emt 0:03:17]} 29. Rbf1 {[%emt 0:04:53]} Qxe2 {[%emt 0:02:24]} 30. fxe7 {[%emt 0:00:27]} Rg8 {[%emt 0:00:46]} 31. R1f2 {[%emt 0:01:24]} Qe1+ {[%emt 0:01:08]} 32. Kh2 {[%emt 0:00:29]} Qe5 {[%emt 0:00:24]} 33. Kg1 {[%emt 0:01:11]} Rg5 {[%emt 0:01:04]} 34. Kf1 {[%emt 0:02:07]} Rc7 {[%emt 0:01:11]} 0-1

[Event "FIDE Chesscom Grand Swiss 2019"]
[Site "Douglas-Isle of Man"]
[Date "2019.10.19"]
[Round "9.16"]
[White "Vidit, Santosh Gujrathi"]
[Black "Tari, Aryan"]
[Result "1-0"]
[WhiteElo "2718"]
[BlackElo "2630"]
[Annotator "TA"]
[PlyCount "79"]
[EventDate "2019.10.10"]
[EventType "swiss"]
[EventCountry "GBR"]
[SourceTitle "playchess.com"]
[Source "ChessBase"]
[SourceQuality "1"]

{[%evp 23,79,13,0,25,10,0,49,41,104,101,257,267,624,586,500,150,151,148,142,133,140,147,130,146,170,169,166,170,175,167,185,186,187,198,190,195,529,89,88,90,85,89,121,125,115,112,143,142,148,154,147,151,141,141,141,142,296,272]} 1. Nf3 Nf6 2. c4 c5 3. d4 cxd4 4. Nxd4 e6 5. g3 d5 6. Bg2 e5 7. Nf3 d4 8. O-O Nc6 9. e3 Be7 10. exd4 exd4 11. Bf4 O-O 12. Ne5 Qb6 13. Re1 $146 {Black must now prevent Nxc6. E01: Catalan: Early deviations} (13. Nxc6 bxc6 14. Qb3 Be6 15. Rd1 Rac8 16. Qxb6 axb6 17. Rxd4 Bc5 18. Rd2 Bxc4 19. Nc3 Bb4 20. Rc1 Bxc3 21. Rxc3 {½-½ (60) Berkes,F (2666)-Lomasov,S (2559) Skopje 2019}) ({Predecessor:} 13. Qb3 Qa6 14. Nd2 Rd8 15. Rfe1 {1-0 (28) Lund,J-Korning,P Denmark 1973}) 13... Be6 14. Nd2 Rfd8 (14... Qxb2 15. Rb1 $14) 15. Qb3 {White is slightly better.} Qa6 {[#]} (15... Rac8 $14) 16. Nxf7 $1 $16 {[%mdl 512]} Kxf7 $2 {[#]} (16... Bxf7 $16 17. Bxc6 bxc6 18. Rxe7 c5) 17. Rxe6 $1 $18 {[%mdl 512]} Kxe6 $2 (17... Qb6) 18. c5+ $1 Kd7 19. Bf1 $2 (19. Re1 $18 {and White stays clearly on top.} Ke8 20. Ne4) 19... d3 $16 ({Don't go for} 19... Na5 $2 20. Qa4+ Qc6 21. Bb5 $18 (21. Qxa5 Qxc5 22. Qa4+ Ke6 $16)) 20. Bxd3 Nd4 21. Bxa6 Nxb3 22. Bb5+ Kc8 23. Nxb3 ({Much worse is} 23. axb3 $6 Nd5 $11) 23... Nd5 24. Re1 a5 {With the idea ...a4.} 25. Be5 Bf6 26. Bd6 $1 a4 27. Nd2 a3 28. bxa3 Rxa3 29. Bf1 {Hoping for Bh3+.} b5 $2 (29... Kd7 30. Ne4 Kc6) 30. cxb6 $2 (30. Bh3+ $18 {and the rest is easy.} Kb7 31. c6+ $1 {[%mdl 576] Discovered Attack} Kxc6 32. Bxa3) 30... Rxa2 31. Nc4 {Strongly threatening Bh3+.} Bd4 {[%mdl 64] Double Attack} 32. Rb1 {And now b7+ would win.} Rxd6 {[%mdl 64] Remove Defender} 33. Nxd6+ Kb8 {[#]} 34. Ne4 $1 {Threatens to win with Bc4.} Nxb6 35. Rd1 Ra4 36. Ng5 h6 37. Ne6 Bf6 38. Rb1 Ka7 39. Rc1 Re4 $2 {[#]} (39... Kb8 $16 40. Kg2 Ra2) 40. Nxg7 $1 {[%mdl 512] Accuracy: White = 81%, Black = 33%.} 1-0

[Event "FIDE Chesscom Grand Swiss 2019"]
[Site "Douglas-Isle of Man"]
[Date "2019.10.19"]
[Round "9.16"]
[White "Najer, Evgeniy"]
[Black "Soumya, Swaminathan"]
[Result "1-0"]
[WhiteElo "2635"]
[BlackElo "2365"]
[Annotator "ChessBase"]
[PlyCount "65"]
[EventDate "2019.10.10"]
[EventType "swiss"]
[EventCountry "GBR"]
[SourceTitle "playchess.com"]
[Source "ChessBase"]
[SourceQuality "1"]
[TimeControl "40/6000+30:20/3000+30:900+30"]

1. e4 {[%emt 0:00:00]} c5 {[%emt 0:00:00]} 2. Nf3 {[%emt 0:00:01]} e6 {[%emt 0:00:01]} 3. d4 {[%emt 0:00:38]} cxd4 {[%emt 0:00:04]} 4. Nxd4 {[%emt 0:00:05]} Nc6 {[%emt 0:00:04]} 5. Nc3 {[%emt 0:00:17]} Qc7 {[%emt 0:00:06]} 6. Be3 {[%emt 0:03:47]} a6 {[%emt 0:00:30]} 7. Bd3 {[%emt 0:03:21]} b5 {[%emt 0:10:59]} 8. Nxc6 {[%emt 0:00:47]} Qxc6 {[%emt 0:03:01]} 9. Qe2 {[%emt 0:22:18]} Bb7 {[%emt 0:14:47]} 10. O-O-O {[%emt 0:08:12]} Qc7 {[%emt 0:21:18]} 11. Kb1 {[%emt 0:13:21]} Nf6 {[%emt 0:16:57]} 12. Bd4 {[%emt 0:00:52]} b4 {[%emt 0:07:20]} 13. e5 {[%emt 0:03:36]} bxc3 {[%emt 0:07:17]} 14. exf6 {[%emt 0:00:12]} gxf6 {[%emt 0:00:03]} 15. Bxc3 {[%emt 0:10:42]} Be7 {[%emt 0:03:19]} 16. Qg4 {[%emt 0:08:08]} h5 {[%emt 0:13:34]} 17. Qg7 {[%emt 0:04:49]} O-O-O {[%emt 0:00:40]} 18. Bxf6 {[%emt 0:03:44]} Rhg8 {[%emt 0:02:26]} 19. Qh6 {[%emt 0:00:25]} Bxf6 {[%emt 0:00:37]} 20. Qxf6 {[%emt 0:00:04]} Rxg2 {[%emt 0:00:19]} 21. h3 {[%emt 0:00:11]} Qc5 {[%emt 0:03:11]} 22. Rhf1 {[%emt 0:00:17]} a5 {[%emt 0:01:12]} 23. a3 {[%emt 0:00:29]} Bc6 {[%emt 0:00:29]} 24. Rde1 {[%emt 0:02:13]} Kc7 {[%emt 0:02:08]} 25. Be4 {[%emt 0:00:33]} Bxe4 {[%emt 0:00:56]} 26. Rxe4 {[%emt 0:00:04]} Rg5 {[%emt 0:00:27]} 27. Qf4+ {[%emt 0:13:30]} Kb6 {[%emt 0:00:02]} 28. Rc4 {[%emt 0:01:12]} Qe5 {[%emt 0:00:31]} 29. Qd2 {[%emt 0:01:11]} d5 {[%emt 0:01:35]} 30. f4 {[%emt 0:01:19]} Qf6 {[%emt 0:00:35]} 31. Qf2+ {[%emt 0:00:54]} Kb7 {[%emt 0:00:24]} 32. Rc3 {[%emt 0:02:39]} Rgg8 {[%emt 0:00:34]} 33. Qc5 {[%emt 0:00:56]} 1-0

[Event "FIDE Chesscom Grand Swiss 2019"]
[Site "Douglas-Isle of Man"]
[Date "2019.10.19"]
[Round "9.17"]
[White "Lupulescu, Constantin"]
[Black "Wojtaszek, Radoslaw"]
[Result "1/2-1/2"]
[WhiteElo "2643"]
[BlackElo "2748"]
[Annotator "TA"]
[PlyCount "64"]
[EventDate "2019.10.10"]
[EventType "swiss"]
[EventCountry "GBR"]
[SourceTitle "playchess.com"]
[Source "ChessBase"]
[SourceQuality "1"]

{[%evp 9,64,21,26,13,16,31,15,10,22,23,22,28,10,16,29,29,27,12,42,42,42,25,49,0,0,2,5,0,0,0,41,2,6,8,15,0,0,0,0,0,0,0,0,0,0,0,0,0,0,-6,-6,-6,-8,-6,-4,-4,-5]} 1. e4 c5 2. Nf3 d6 3. Bb5+ Nd7 4. c3 Ngf6 5. Bd3 g6 (5... e6 6. O-O b6 7. Bc2 Bb7 8. Re1 Be7 9. d4 O-O 10. Nbd2 cxd4 11. cxd4 Rc8 12. Nf1 d5 {0-1 (20) Vachier Lagrave,M (2774)-Wei,Y (2721) chess.com INT 2019}) 6. O-O {B51: Sicilian: Moscow Variation (3 Bb5+) without 3...Bd7} Bg7 7. Bc2 e5 8. d4 exd4 $146 ({Predecessor:} 8... O-O 9. Re1 Qc7 10. a4 b6 11. d5 a6 12. Na3 Qd8 {0-1 (29) Tsekmes,D (2110)-Papakonstantinou,D (2320) Thessaloniki 2018}) 9. cxd4 O-O 10. Nc3 cxd4 11. Qxd4 Nb6 12. Qd1 Be6 13. Re1 a6 14. Bb3 Bxb3 15. Qxb3 Nbd7 16. Bf4 (16. Qxb7 $2 Nc5 $19) 16... Nc5 17. Qc2 {Threatens to win with Rad1.} Ne6 18. Be3 Rc8 19. Rad1 Qc7 20. h3 Rfe8 {The position is equal.} 21. Qb1 b5 22. a3 Nc5 {[%cal Rc5e4]} 23. Bd4 Qc6 {[%cal Rc5e4]} 24. e5 dxe5 25. Bxe5 Ncd7 26. Bd4 Rxe1+ 27. Rxe1 Re8 28. Rxe8+ (28. Rc1 {with more complications.} Bh6 29. Rd1 Bf4 30. Re1 Bd6 31. b4) 28... Nxe8 29. Qe4 Qxe4 30. Nxe4 f5 31. Nc3 Nd6 32. b3 Bh6 {Accuracy: White = 63%, Black = 71%.} 1/2-1/2

[Event "FIDE Chesscom Grand Swiss 2019"]
[Site "Douglas-Isle of Man"]
[Date "2019.10.19"]
[Round "9.17"]
[White "Alekseev, Evgeny"]
[Black "Bjerre, Jonas Buhl"]
[Result "1/2-1/2"]
[WhiteElo "2629"]
[BlackElo "2506"]
[Annotator "ChessBase"]
[PlyCount "93"]
[EventDate "2019.10.10"]
[EventType "swiss"]
[EventCountry "GBR"]
[SourceTitle "playchess.com"]
[Source "ChessBase"]
[SourceQuality "1"]
[TimeControl "40/6000+30:20/3000+30:900+30"]

1. e4 {[%emt 0:02:44]} c5 {[%emt 0:00:00]} 2. Nf3 {[%emt 0:00:16]} d6 {[%emt 0:00:19]} 3. Bb5+ {[%emt 0:01:47]} Bd7 {[%emt 0:00:43]} 4. Bxd7+ {[%emt 0:02:55]} Nxd7 {[%emt 0:00:39]} 5. O-O {[%emt 0:05:36]} Ngf6 {[%emt 0:00:21]} 6. Qe2 {[%emt 0:01:08]} e6 {[%emt 0:00:24]} 7. c3 {[%emt 0:00:44]} Be7 {[%emt 0:01:00]} 8. d4 {[%emt 0:00:55]} O-O {[%emt 0:04:29]} 9. e5 {[%emt 0:03:33]} Ne8 {[%emt 0:04:20]} 10. dxc5 {[%emt 0:15:06]} Nxc5 {[%emt 0:00:55]} 11. Rd1 {[%emt 0:00:46]} Qb6 {[%emt 0:13:44]} 12. c4 {[%emt 0:10:34]} dxe5 {[%emt 0:08:33]} 13. Nxe5 {[%emt 0:01:11]} Nf6 {[%emt 0:02:37]} 14. Nc3 {[%emt 0:02:28]} Rfd8 {[%emt 0:04:21]} 15. Be3 {[%emt 0:04:30]} Qc7 {[%emt 0:03:03]} 16. Bf4 {[%emt 0:01:37]} Qb6 {[%emt 0:03:02]} 17. h3 {[%emt 0:06:32]} a6 {[%emt 0:09:28]} 18. Rab1 {[%emt 0:05:58]} Rxd1+ {[%emt 0:01:58]} 19. Rxd1 {[%emt 0:00:10]} Rd8 {[%emt 0:02:05]} 20. Rxd8+ {[%emt 0:00:35]} Qxd8 {[%emt 0:01:29]} 21. b4 {[%emt 0:03:44]} Ncd7 {[%emt 0:08:10]} 22. c5 {[%emt 0:08:05]} Nxe5 {[%emt 0:03:03]} 23. Bxe5 {[%emt 0:02:23]} Nd5 {[%emt 0:06:23]} 24. Qd1 {[%emt 0:09:36]} f6 {[%emt 0:06:35]} 25. Nxd5 {[%emt 0:01:09]} Qxd5 {[%emt 0:00:32]} 26. Qxd5 {[%emt 0:00:54]} exd5 {[%emt 0:00:08]} 27. Bd4 {[%emt 0:01:53]} Kf7 {[%emt 0:02:05]} 28. Kf1 {[%emt 0:01:36]} Ke6 {[%emt 0:00:39]} 29. a4 {[%emt 0:00:07]} h5 {[%emt 0:03:04]} 30. Ke2 {[%emt 0:02:16]} Bd8 {[%emt 0:01:52]} 31. Kd3 {[%emt 0:01:32]} Bc7 {[%emt 0:02:32]} 32. b5 {[%emt 0:00:50]} axb5 {[%emt 0:02:31]} 33. axb5 {[%emt 0:00:01]} Ba5 {[%emt 0:02:31]} 34. Be3 {[%emt 0:02:13]} Bc7 {[%emt 0:02:21]} 35. h4 {[%emt 0:04:52]} Bd8 {[%emt 0:04:50]} 36. Bf4 {[%emt 0:02:16]} g5 {[%emt 0:03:15]} 37. Bh2 {[%emt 0:02:47]} gxh4 {[%emt 0:00:40]} 38. Kd4 {[%emt 0:02:36]} Ba5 {[%emt 0:01:29]} 39. Bf4 {[%emt 0:00:57]} Be1 {[%emt 0:00:53]} 40. Be3 {[%emt 0:00:16]} f5 {[%emt 0:02:04]} 41. f3 {[%emt 0:11:56]} Bg3 {[%emt 0:02:58]} 42. f4 {[%emt 0:00:13]} Be1 {[%emt 0:01:25]} 43. Kd3 {[%emt 0:03:48]} Bb4 {[%emt 0:01:34]} 44. Bf2 {[%emt 0:04:22]} Ba3 {[%emt 0:03:05]} 45. Bd4 {[%emt 0:00:40]} Bb4 {[%emt 0:01:32]} 46. Be3 {[%emt 0:00:49]} Kd7 {[%emt 0:04:33]} 47. Bd4 {[%emt 0:01:26]} 1/2-1/2

[Event "FIDE Chesscom Grand Swiss 2019"]
[Site "Douglas-Isle of Man"]
[Date "2019.10.19"]
[Round "9.18"]
[White "Artemiev, Vladislav"]
[Black "Nguyen, Ngoc Truong Son"]
[Result "0-1"]
[WhiteElo "2746"]
[BlackElo "2638"]
[Annotator "TA"]
[PlyCount "124"]
[EventDate "2019.10.10"]
[EventType "swiss"]
[EventCountry "GBR"]
[SourceTitle "playchess.com"]
[Source "ChessBase"]
[SourceQuality "1"]

{[%evp 9,124,6,2,10,10,0,0,1,2,-12,0,-37,-16,-44,-14,-20,-28,-27,-23,-36,0,-2,0,0,8,0,-8,-9,-4,-45,-23,-9,0,-24,-18,-30,-21,-25,-38,-25,-16,-26,-32,-29,-40,-26,-25,-52,-29,-38,-23,-22,0,0,0,0,0,0,9,6,26,20,25,30,38,30,63,0,0,0,0,0,0,0,0,0,0,-31,-31,-31,-31,-54,-51,-308,-304,-279,-279,-275,-268,-425,-231,-470,-480,-410,-483,-485,-485,-485,-477,-465,-455,-445,-431,-522,-505,-689,-674,-759,-731,-775,-770,-757,-756,-1612,-1564,-5683,-5408]} 1. c4 e6 2. g3 d5 3. Bg2 Nf6 4. Nf3 dxc4 5. Qa4+ Bd7 6. Qxc4 {A13: English Opening: 1...e6} c5 7. Ne5 Qc8 8. O-O {The position is equal.} Nc6 9. Nf3 $146 ({Predecessor:} 9. Nxd7 Qxd7 10. Qa4 Rc8 11. d3 Be7 12. Nd2 Nd4 13. Qd1 h5 {½-½ (76) Movsesian,S (2647)-Akobian,V (2647) Riadh 2017}) 9... Be7 10. Nc3 O-O 11. d3 Rd8 12. Bg5 b6 13. a3 h6 14. Bf4 Na5 15. Qa2 Bc6 16. Rab1 Nd5 17. Bd2 Qa6 18. b3 Rac8 19. Ne4 Nf6 20. Nc3 {Hoping for b4.} Nd5 21. Qb2 Bf6 22. Rfc1 {White wants to play b4.} Nb7 {[%cal Ba5b7,Bb7d6,Bd6b5][%mdl 32]} 23. b4 Nd6 {...Nb5 is the strong threat.} 24. e4 cxb4 25. axb4 Nxc3 26. Bxc3 Bxc3 27. Rxc3 Nb5 28. Rcc1 Qb7 ({But not} 28... Rxd3 $2 29. Ne5 $18) 29. Bf1 Qe7 30. Rc4 Qf6 31. Qxf6 gxf6 32. Ra1 Bb7 33. Nd2 Rxc4 34. Nxc4 Ra8 35. f3 Kf8 36. Kf2 Nd4 37. Ra2 e5 38. Ke3 (38. Bh3 $14) 38... b5 $1 $11 {[%cal Rb5c4]} 39. Nd6 Bc8 40. f4 Be6 41. Ra6 $1 Nc2+ 42. Kd2 $1 {[%cal Rd2c2]} Nxb4 43. Ra5 Nc6 44. Rxb5 Nd4 45. Rb2 a5 $1 {[%cal Ba7a5,Ba5a4,Ba4a3][%mdl 32]} 46. Kc3 $2 {[%mdl 8192]} (46. Nc4 $15) 46... a4 $1 $19 {[%cal Ra4a3] And now ...a3 would win.} 47. Nc4 a3 $1 {[%cal Ra3b2]} 48. Ra2 Rb8 $1 49. f5 (49. Rxa3 {was worth a try.} Nb5+ {[%mdl 64] Double Attack} 50. Kd2 Nxa3 51. Nxa3) 49... Rb3+ 50. Kd2 Bxc4 51. dxc4 {[%mdl 4096] Endgame [#] KRB-KRN} Rf3 $1 {[%cal Rf3f2] Strongly threatening ...Rf2+.} 52. Ke1 {Black is clearly winning.} Ke7 53. c5 {[#]} Kd7 $1 {[%cal Rd7c6]} 54. Bc4 {White hopes to continue with Bd5.} Kc6 55. Bxf7 Kxc5 56. Rg2 Re3+ 57. Kd2 Rxe4 58. g4 Kb4 59. h4 Nf3+ 60. Kd3 Re1 61. Bd5 Rd1+ 62. Ke2 Nxh4 {Accuracy: White = 55%, Black = 79%.} 0-1

[Event "FIDE Chesscom Grand Swiss 2019"]
[Site "Douglas-Isle of Man"]
[Date "2019.10.19"]
[Round "9.18"]
[White "Shankland, Sam"]
[Black "Hess, Robert"]
[Result "0-1"]
[WhiteElo "2705"]
[BlackElo "2581"]
[Annotator "TA"]
[PlyCount "68"]
[EventDate "2019.10.10"]
[EventType "swiss"]
[EventCountry "GBR"]
[SourceTitle "playchess.com"]
[Source "ChessBase"]
[SourceQuality "1"]

{[%evp 15,68,15,24,0,46,22,34,39,37,47,41,31,55,46,81,78,98,90,92,0,8,3,77,66,42,0,54,41,39,-94,-93,-170,-177,-158,-168,-214,-192,-578,-581,-578,-557,-562,-563,-560,-541,-514,-509,-790,-783,-779,-774,-993,-983,-1594,-1589]} 1. d4 Nf6 2. c4 e6 3. g3 d5 4. Bg2 dxc4 5. Nf3 c5 6. O-O Nc6 7. Qa4 Bd7 8. Qxc4 b5 9. Qc3 {E04: Open Catalan: 5 Nf3} Rc8 (9... b4 10. Qd3 Rc8 11. Bf4 cxd4 12. Nbd2 Nd5 13. Be5 Nxe5 14. Nxe5 Be7 15. Bxd5 exd5 16. Ndf3 O-O 17. Nxd4 {½-½ (30) Wojtaszek,R (2727)-Harikrishna,P (2743) Batumi 2018}) 10. dxc5 Nd5 11. Qc2 {White is slightly better.} Ncb4 12. Qd1 Bxc5 13. e4 Nf6 14. Nc3 Ng4 $146 ({Predecessor:} 14... O-O 15. Bg5 Bc6 16. Ne5 h6 {½-½ (28) Diermair,A (2479)-Druska,J (2460) Blansko 2019}) 15. Qe2 Qb6 16. a3 Bxf2+ 17. Kh1 (17. Rxf2 $16 Nd3 18. Qxd3 Qxf2+ 19. Kh1) 17... Nc6 $11 18. e5 {Threatening Ne4.} Bc5 (18... Be3 $1 $11) 19. b4 Be7 20. h3 Nd4 (20... h5 $11) 21. Nxd4 $14 Qxd4 {[%mdl 64] Double Attack} 22. Bb2 (22. Nxb5 $14 {keeps the upper hand.} Qxe5 23. Qxe5 Nxe5 24. Nxa7) 22... Ne3 $36 {[%mdl 2048] Black is really pushing.} 23. Rf4 (23. Qf2 $17 {might work better.} Rxc3 24. Qxf7+ Kd8 25. Bxc3 Qxc3 26. Qf3) 23... Qb6 $19 24. Be4 Nc4 25. Raf1 Nxb2 ({Weaker is} 25... Nxe5 26. Nd1 $11) 26. Rxf7 $2 (26. Qxb2 {nothing else works.} f5 27. Bg2) 26... Rxc3 {Black is clearly winning.} 27. Qg4 Qe3 28. Rxe7+ Kxe7 29. Qxg7+ {[#]} Kd8 $1 30. Qxh8+ {[#]} Kc7 $1 31. Bg2 (31. Qa8 $142 Qxe4+ 32. Qxe4) 31... Nd3 {( -> ...Nf2+)} 32. Qf8 Nxe5 33. Rd1 Nd3 34. Kh2 Rc2 {Accuracy: White = 42%, Black = 67%.} 0-1